| 000 | 00541nam a2200241 a 4500 | ||
|---|---|---|---|
| 001 | nice12345678 | ||
| 003 | IN_TiNIC | ||
| 005 | 20260116012155.0 | ||
| 008 | 050524s1963 hyda grp 000 0 eng | ||
| 020 |
_a _c100 |
||
| 082 | 0 | 0 |
_a232 _bSIN1 |
| 100 | _aSingh, Bakht | ||
| 245 | _aSalt and Light. | ||
| 260 |
_aHyderabad _bHebron _c1963 |
||
| 300 | _a137p | ||
| 500 | _aincludes index and biblioraphy | ||
| 505 | 2 | _aIndex | |
| 650 | _aChristology | ||
| 700 | 1 | _aSingh, Bakht | |
| 902 | _bSRS | ||
| 942 | _cBK | ||
| 999 |
_c5941 _d5941 |
||